Normal view
MARC view
- Rana, Mowadat H
Entry Personal Name
001 - CONTROL NUMBER
- control field: 113412
003 - CONTROL NUMBER IDENTIFIER
- control field: NUST
005 - DATE AND TIME OF LATEST TRANSACTION
- control field: 20230706104423.0
008 - FIXED-LENGTH DATA ELEMENTS
- fixed length control field: 230706|| aca||aabn | a|a d
040 ## - CATALOGING SOURCE
- Original cataloging agency: NUST
- Transcribing agency: NUST
100 ## - HEADING--PERSONAL NAME
- Personal name: Rana, Mowadat H
670 ## - SOURCE DATA FOUND
- Source citation: Work cat.: (NUST): Rana, Mowadat H, Handbook of Behavioural Sciences for Medical & Dental Students /, 2016.
